Technologie hrubé stavby. Sv. 3, Izolace proti vlhkosti /

Uložené v:
Podrobná bibliografia
Hlavný autor: Janouch, Jindřich
Médium: Kniha
Jazyk:Czech
Vydané: Praha : Ústav racionalizace ve stavebníctví, 1969.
Vydanie:1. vyd.
Edícia:Mistr ve stavebnictví Mistr HSV
ISBN: (brož.)
Fyzický popis: 43 s.
Tagy: Pridať tag
Žiadne tagy, Buďte prvý kto otaguje tento záznam!

MARC

LEADER 00000nam a2200000 a 4500
001 000118708
005 20091006180358.0
008 040101s1969 xr g 000 0 cze d
020 |a (brož.) 
040 |a SVKKK  |b slo  |c SVKKK  |e AACR2 
041 0 |a cze 
044 |a xr  |c CZ 
100 1 |a Janouch, Jindřich 
245 1 0 |a Technologie hrubé stavby.  |n Sv. 3,  |p Izolace proti vlhkosti /  |c Jindřich Janouch. 
246 3 0 |a Izolace proti vlhkosti 
250 |a 1. vyd. 
260 |a Praha :  |b Ústav racionalizace ve stavebníctví,  |c 1969. 
300 |a 43 s. 
490 1 |a Mistr ve stavebnictví. Mistr HSV 
830 0 |a Mistr ve stavebnictví  |v Mistr HSV 
910 |a svkkk 
998 |a BK 
090 |g SCKHL  |k Sklad Pribinova 2. posch.  |a II.186117  |j 443405  |i 2720214605  |s Absenčne